000 00840nmm a2200277 a 4500
001 ocm000703103
003 TR-IsHL
005 20201028132515.0
008 131030s1965 tu tur
007 cr cn
035 _a703103
_b(N$T)
050 0 4 _aKKX4034.A28
_bK49 1965
090 0 4 _aKKX4034.A28
_bK49 1965
100 1 _aKeyman, Selahattin
245 1 0 _aTürk hukukunda af: (genel af-özel af)
_h[electronic resource] /
_cSelahattin Keyman
260 _aAnkara :
_bAnkara Üniversitesi Hukuk Fakültesi,
_c1965
300 _a170 p.
650 4 _aHukuk
650 4 _aLaw
650 0 _aCeza Hukuku
650 0 _aCriminal law
650 0 _aAf
650 0 _aAmnesty
650 7 _aLAW / Criminal Law / General
_2bisacsh
856 4 0 _uhttp://search.ebscohost.com/login.aspx?direct=true&scope=site&db=e011xww&AN=703103
999 _c5129
_d5129